Podział administracyjny Francji, Hiszpanii i Włoch na mapie - Statystyki

Ogólne statystyki
  • Ten quiz został rozwiązany 248 razy
    182 od ostatniego zresetowania
  • Średni wynik to 24 z 49
Odpowiedzi na mapie
Odpowiedzi zakodowano w zielono-czerwonej skali na mapie do tego quizu, zgodnie z poniższymi procentami.
 
Statystyki odpowiedzi
Państwo Odpowiedź % Poprawnych
Hiszpania Katalonia
89%
Włochy Sycylia
86%
Hiszpania Madryt
84%
Włochy Sardynia
84%
Francja Korsyka
81%
Francja Bretania
79%
Hiszpania Galicja
74%
Francja Normandia
74%
Hiszpania Andaluzja
72%
Hiszpania Kraj Basków
72%
Włochy Toskania
70%
Hiszpania Walencja
68%
Hiszpania Baleary
67%
Włochy Piemont
67%
Włochy Lacjum
63%
Włochy Lombardia
63%
Hiszpania Kastylia i Leon
61%
Hiszpania Aragonia
58%
Francja Ile-de-France
56%
Francja Prowansja-Alpy-Lazurowe Wybrzeże
53%
Hiszpania Murcja
49%
Włochy Emilia-Romania
46%
Hiszpania Nawarra
44%
Francja Burgundia-Franche-Comte
42%
Francja Grand-Est
42%
Włochy Kalabria
42%
Francja Oksytania
42%
Włochy Wenecja Euganejska
42%
Włochy Apulia
40%
Francja Region Centralny-Dolina Loary
40%
Hiszpania Asturia
39%
Francja Kraj Loary
39%
Francja Nowa Akwitania
37%
Włochy Dolina Aosty
35%
Włochy Kampania
33%
Hiszpania Kastylia- La Mancha
33%
Hiszpania Estremadura
32%
Hiszpania La Rioja
32%
Włochy Liguria
32%
Francja Hauts-de-France
30%
Włochy Marche
28%
Włochy Abruzja
25%
Francja Owernia-Rodan-Alpy
25%
Włochy Trydent- Górna Adyga
25%
Włochy Umbria
25%
Włochy Basilicata
23%
Włochy Friuli- Wenecja Julijska
23%
Włochy Molise
23%
Hiszpania Kantabria
19%
Nie znaleziono quizów pasujących do podanych kryteriów
Rozkład punktacji
Procent ludzi z każdym wynikiem
Percentyl według liczby udzielonych odpowiedzi
Twoja historia wyników
Nie rozwiązałeś tego quizu od ostatniego zresetowania